| 000 | 00775cam a2200229 a 4500 | ||
|---|---|---|---|
| 001 | 000011170 | ||
| 005 | 20200929162358.0 | ||
| 008 | 841130s1984 maua bp 001 0 eng | ||
| 020 | _a0316463108 (pbk.) | ||
| 040 |
_aDO-SdBNP _bspa _cBNPHU |
||
| 050 | 1 | 0 |
_aQP355.2 _b.J48 1984 |
| 082 |
_a612.8 _bJ59b |
||
| 100 | 1 |
_aJewett, Don L., _d1931- _926681 |
|
| 245 | 1 | 0 |
_aBasic concepts of neuronal function : _ba multilevel, self-teaching textbook / _cDon L. Jewett, Martin D. Rayner. |
| 260 |
_aBoston, (Massachusetts) : _bLittle ; _bBrown, _cc1984. |
||
| 300 |
_ax, 411 p. : _bil. ; _c28 cm. |
||
| 504 | _aBibliografía: p. 395-397. | ||
| 500 | _aIncluye índice. | ||
| 650 | 4 |
_aNeurofisiología _920466 |
|
| 650 | 4 |
_aSistema nervioso _926682 |
|
| 700 | 1 |
_aRayner, Martin D. _926683 |
|
| 999 |
_c10895 _d10895 |
||